LIBRARY & INFORMATION CENTRE, KCAET, TAVANUR

ONLINE PUBLIC ACCESS CATALOGUE (OPAC)

Investigations on energy conservation of waste coconut water through an up-flow anaerobic hybrid bioreactor (Record no. 14923)

MARC details
000 -LEADER
fixed length control field 00776nam a22001817a 4500
003 - CONTROL NUMBER IDENTIFIER
control field OSt
088 ## - REPORT NUMBER
Report number 361
100 ## - MAIN ENTRY--AUTHOR NAME
Personal name DAYANAND KUMBAR
245 ## - TITLE STATEMENT
Title Investigations on energy conservation of waste coconut water through an up-flow anaerobic hybrid bioreactor
260 ## - PUBLICATION, DISTRIBUTION, ETC. (IMPRINT)
Place of publication Tavanur 2016
Name of publisher DEPARTMENT OF FARM POWER, MACHINERY AND ENERGY
300 ## - PHYSICAL DESCRIPTION
Number of Pages 88
500 ## - GENERAL NOTE
General note Investigations on energy conservation of waste coconut water through an up-flow anaerobic hybrid bioreactor
520 ## - SUMMARY, ETC.
Summary, etc Investigations on energy conservation of waste coconut water through an up-flow anaerobic hybrid bioreactor
700 ## - ADDED ENTRY--PERSONAL NAME
Personal name Dr. Shaji James P (Guide)
856 ## - ELECTRONIC LOCATION AND ACCESS
Uniform Resource Identifier https://drive.google.com/open?id=1nIrlnIQby8UUIGon649xDHHBZs41Cc9p
942 ## - ADDED ENTRY ELEMENTS (KOHA)
Koha item type Theses
Holdings
Collection code Home library Current library Shelving location Full call number Accession Number Koha item type Public note
Reference KAUAET KAUAET Reference 631.3 DAY/IN T 361 Theses M.Tech Thesis
free website counter